El abandono del procedimiento ante la jurisprudencia
Gardado en:
| Autor Principal: | |
|---|---|
| Formato: | Libro |
| Idioma: | Lingua castelá |
| Publicado: |
Santiago
Jurídica La Ley
2004
|
| Subjects: | |
| Tags: |
Engadir etiqueta
Sen Etiquetas, Sexa o primeiro en etiquetar este rexistro!
|
MARC
| LEADER | 00000nam a2200000 a 4500 | ||
|---|---|---|---|
| 001 | UCL4915 | ||
| 003 | CL-VaPUC | ||
| 008 | 040227e20040000CL |||||||||||||||||spa|d | ||
| 020 | |a 9567844615 | ||
| 082 | 0 | 4 | |a 347.8305 |b BUS |2 21 |
| 100 | 0 | |a Bustos Gómez, Ricardo Hernán |e author |9 482638 | |
| 245 | 1 | 3 | |a El abandono del procedimiento ante la jurisprudencia |
| 300 | |a 358 p | ||
| 942 | |c BK | ||
| 945 | |d 20040227 00:00:00 |a cmena | ||
| 260 | |a Santiago |b Jurídica La Ley |c 2004 | ||
| 650 | 0 | |a Derecho procesal |z Chile |9 454338 | |
| 650 | 0 | |a Código civil chileno |9 255931 | |
| 650 | 0 | |a Procedimiento civil |9 254870 | |
| 650 | 0 | |a Jurisprudencia |9 255952 | |
| 583 | |a last modification |c 20040227 00:00:00 |k Rodrigo Vera | ||
| 999 | |c 307669 |d 307667 | ||
| 952 | |0 0 |1 0 |4 0 |6 347_830500000000000_BUS_2004 |7 0 |8 A |9 373724 |a BIBDER |b BIBDER |d 2019-11-21 |i 3985008 |l 4 |m 1 |o 347.8305 BUS 2004 |p 3985008 |r 2025-04-30 |s 2025-04-24 |w 2019-11-21 |y BK |k DER | ||
| 952 | |0 0 |1 0 |4 0 |6 347_830500000000000_BUS_2004 |7 0 |8 A |9 373725 |a BIBDER |b BIBDER |d 2019-11-21 |i 401894K |l 2 |o 347.8305 BUS 2004 |p 401894K |r 2025-04-28 |s 2025-04-28 |w 2019-11-21 |y BK |k DER | ||